000 00317nam a2200133Ia 4500
008 190216s9999||||xx |||||||||||||| ||und||
100 _aSharma J.N-Vasishtha.A.R
245 0 _aDifferential Geometry
250 _aSECOND
260 _bKedernath Ramnath
_c1978
300 _a399
650 _aMathematics
942 _cBK
999 _c30619
_d30619